000 00445nam a2200181Ia 4500
001 4088
005 20260306145730.0
008 260306t2005||||xx |||||||||||||| ||spa||
041 _aESP
082 _a306.85
_bH12 Nº 53
100 _aArtola González, Teresa
_eAUT
245 0 _aSituaciones cotidianas de 6 a 12 años
260 _c2005
300 _a280 páginas :
_c19 cm.
650 _aGEN
654 _aCED
942 _cLIB
_dJUS
_fJUS
_2ddc
_n
999 _c4088
_d4088